00928cam a22002773a 45000010005000000030006000050050017000110080041000280400015000690420007000840500011000911000042001022450087001442600029002315060030002605160020002906530033003106530058003436530027004016530053004288300028004818560041005099420007005509990019005579520074005763826PGUSA20140828083039.0030301s2003||||xxu|||||s|||||000 | eng d aPGUSAbeng adc 4aF590.31 aTurner, Frederick Jackson,d1861-193210aRise of the New West, 1819-1829h[electronic resource] /cFrederick Jackson Turner bProject Gutenberg,c2003 aPublic domain in the USA. aElectronic text aOregon -- History -- To 1859 aUnited States -- Politics and government -- 1815-1861 aWest (U.S.) -- History aMississippi River Valley -- History -- 1803-1865 0aProject Gutenbergv382640uhttp://www.gutenberg.org/ebooks/3826 cEB c233155d233155 001040aGTBbGTBd2014-08-28l0r2014-08-28 00:00:00w2014-08-28yEB